000 00713nam a2200217 i 4500
001 70286
003 ES-MaACL
005 20230906170757.0
007 t|
008 040721s1967 sp ||||1| spa d
080 _a821.134.2(82)-14"19"
100 1 _aGarcía Robles, Víctor.
_955185
245 1 0 _aPan y paz
_b: selección de trabajos realizados entre los años 1955 y 1965 /
_cVíctor García Robles.
260 _aMadrid :
_bCultura Hispánica,
_c1967.
300 _a130 p. ;
_c20 cm.
490 1 _aColección poética "Leopoldo Panero" ;
_v4
830 1 _aColección poética "Leopoldo Panero" ;
_v4
_9182594
852 _aES-MaACL
_jL-3930
852 _aES-MaACL
_jP-2 Nº 4
999 _c70286
_d70286